[Event "26th Klatovy B 2018"]
[Site "Klatovy CZE"]
[Date "2018.07.07"]
[Round "8.40"]
[White "Kura, Filip"]
[Black "Chmelik, Benedikt"]
[Result "0-1"]
[WhiteElo "1267"]
[BlackElo "1475"]
[PlyCount "100"]
[EventDate "2018.06.30"]
[EventType "swiss"]
[EventRounds "9"]
[EventCountry "CZE"]

1. e4 c5 2. Nf3 d6 3. d4 cxd4 4. Nxd4 Nf6 5. Nc3 Nc6 6. Bb5 Bd7 7. Be3 a6 8. Bd3 Ng4 9. O-O Nxe3 10. fxe3 g6 11. Bc4 Ne5 12. Bb3 Bg7 13. Qd2 O-O 14. Nf3 Bc6 15. Nxe5 Bxe5 16. Bd5 e6 17. Bxc6 bxc6 18. Qd3 Qa5 19. Qc4 Bxc3 20. Qxc3 Qxc3 21. bxc3 Rab8 22. Rab1 Rb5 23. Rb3 Rfb8 24. Rd1 Rd8 25. Kf2 Kg7 26. Kf3 Kf6 27. Rf1 Ke7 28. Ke2 d5 29. exd5 Rbxd5 30. Rb7+ R8d7 31. Rxd7+ Rxd7 32. Rb1 Kd6 33. Rb6 Ra7 34. Kd3 Kc5 35. Rb4 Rd7+ 36. Ke2 a5 37. Rh4 h5 38. g4 hxg4 39. Rxg4 Rd5 40. a4 Rh5 41. h4 Kd6 42. Rd4+ Rd5 43. Rf4 Rf5 44. Rd4+ Kc5 45. Rg4 e5 46. Kd3 Rf6 47. Ke4 Re6 48. Kd3 f5 49. Rc4+ Kd6 50. e4 f4 0-1

[Event "26th Klatovy B 2018"]
[Site "Klatovy CZE"]
[Date "2018.07.07"]
[Round "8.41"]
[White "Vavrinkova, Anna"]
[Black "Malik, Zdenek"]
[Result "1-0"]
[WhiteElo "1463"]
[BlackElo "1607"]
[PlyCount "53"]
[EventDate "2018.06.30"]
[EventType "swiss"]
[EventRounds "9"]
[EventCountry "CZE"]

1. e4 c5 2. Nf3 d6 3. Bb5+ Bd7 4. Bxd7+ Qxd7 5. O-O Nf6 6. Re1 g6 7. c3 Bg7 8. d4 cxd4 9. cxd4 O-O 10. Nc3 Nc6 11. Bf4 a6 12. Qb3 Nh5 13. Be3 b5 14. Rad1 Rab8 15. a3 Na5 16. Qc2 Rfc8 17. Qe2 Nc4 18. Nd5 Nf6 19. Nxf6+ Bxf6 20. Bf4 a5 21. h3 b4 22. axb4 Rxb4 23. Rb1 Qb7 24. Rec1 a4 25. Qc2 Rxb2 26. Rxb2 Nb6 27. Qxc8+ 1-0

[Event "26th Klatovy B 2018"]
[Site "Klatovy CZE"]
[Date "2018.07.07"]
[Round "8.42"]
[White "Ruzickova, Helena"]
[Black "Nagy, Ladislav"]
[Result "0-1"]
[WhiteElo "1422"]
[BlackElo "1740"]
[PlyCount "102"]
[EventDate "2018.06.30"]
[EventType "swiss"]
[EventRounds "9"]
[EventCountry "CZE"]

1. e4 c5 2. Nc3 e6 3. Nf3 a6 4. d4 cxd4 5. Nxd4 Qc7 6. Bd3 b5 7. a3 Bb7 8. O-O Nc6 9. Nf3 Bc5 10. b4 Bb6 11. Bb2 Nge7 12. Ne2 f6 13. Ng3 Rg8 14. Nh5 O-O-O 15. Qe2 f5 16. Nxg7 fxe4 17. Bxe4 Qf4 18. Rac1 Qh6 19. Nxe6 Qxe6 20. Qd3 Qh3 21. Ne1 Qxd3 22. Nxd3 Bd4 23. c3 Bf6 24. Rc2 h5 25. Bc1 Bg5 26. f4 Bf6 27. Be3 d6 28. Bb6 Rde8 29. Bf3 Rh8 30. Kh1 Nd8 31. Bxb7+ Kxb7 32. Bf2 Nd5 33. c4 Ne7 34. cxb5 axb5 35. Ra2 Nf5 36. a4 Bd4 37. Be1 bxa4 38. Rxa4 Rhg8 39. Rf3 Re2 40. g3 Rge8 41. Bf2 Bxf2 42. Nxf2 Nd4 43. Kg2 Nxf3 44. Kxf3 R8e3+ 45. Kg2 Rb3 46. b5 Rbb2 47. Kf3 Rxf2+ 48. Ke4 Rxb5 49. Rd4 Kc6 50. Rc4+ Rc5 51. Rd4 Rxh2 0-1

[Event "26th Klatovy B 2018"]
[Site "Klatovy CZE"]
[Date "2018.07.07"]
[Round "8.43"]
[White "Cipera, Josef"]
[Black "Filip, Stepan"]
[Result "1-0"]
[WhiteElo "1688"]
[BlackElo "1307"]
[PlyCount "61"]
[EventDate "2018.06.30"]
[EventType "swiss"]
[EventRounds "9"]
[EventCountry "CZE"]

1. d4 d5 2. Bf4 Nf6 3. e3 Bf5 4. Bd3 Bg6 5. Ne2 e6 6. a3 Be7 7. O-O Nbd7 8. Nd2 O-O 9. Nf3 c5 10. c3 c4 11. Bc2 Qb6 12. Rb1 Be4 13. Ng3 Bxc2 14. Qxc2 Bd6 15. Bxd6 Qxd6 16. Rfe1 Qc7 17. Rbd1 Rfe8 18. Re2 Re7 19. Red2 Rae8 20. h3 b5 21. Re2 a5 22. e4 Nf8 23. e5 N6d7 24. Qd2 Ng6 25. Nh5 h6 26. g4 Rf8 27. g5 hxg5 28. Qxg5 Rb8 29. Nh4 Ndf8 30. Kh1 Kh7 31. Nf6+ 1-0

[Event "26th Klatovy B 2018"]
[Site "Klatovy CZE"]
[Date "2018.07.07"]
[Round "8.44"]
[White "Filip, Petr 1952"]
[Black "Stvan, Marek"]
[Result "0-1"]
[WhiteElo "1354"]
[BlackElo "1637"]
[PlyCount "78"]
[EventDate "2018.06.30"]
[EventType "swiss"]
[EventRounds "9"]
[EventCountry "CZE"]

1. c4 c5 2. e3 d6 3. d4 cxd4 4. exd4 g6 5. Bd3 Bg7 6. Ne2 Nc6 7. Be3 Bg4 8. Qa4 Bd7 9. Qc2 Nb4 10. Qd2 Nxd3+ 11. Qxd3 Bf5 12. Qd2 Nf6 13. O-O O-O 14. Bh6 Rc8 15. Bxg7 Kxg7 16. b3 b6 17. Nbc3 d5 18. Nxd5 Nxd5 19. cxd5 Qxd5 20. Nc3 Qa5 21. Rac1 Rc7 22. d5 Qb4 23. Qe3 Rfc8 24. Ne2 Rc2 25. Ng3 Bd7 26. f4 Rxc1 27. Rxc1 Rxc1+ 28. Qxc1 Qd4+ 29. Kh1 Qxd5 30. Nf1 Bc6 31. Ne3 Qe4 32. Kg1 Qxf4 33. Qd2 Qe4 34. b4 Qf4 35. Qc1 Qd4 36. a3 f5 37. Kh1 Qe4 38. Qd2 f4 39. Ng4 Qb1+ 0-1

[Event "26th Klatovy B 2018"]
[Site "Klatovy CZE"]
[Date "2018.07.07"]
[Round "8.46"]
[White "Svejdar, Pavel"]
[Black "Vavrinkova, Marie"]
[Result "1-0"]
[WhiteElo "1614"]
[BlackElo "1132"]
[PlyCount "37"]
[EventDate "2018.06.30"]
[EventType "swiss"]
[EventRounds "9"]
[EventCountry "CZE"]

1. e4 e5 2. Nf3 Nf6 3. Nc3 Bb4 4. d3 h6 5. Bd2 O-O 6. Nxe5 Re8 7. Ng4 Nxg4 8. Qxg4 d5 9. Qe2 Bf5 10. f3 Bxc3 11. Bxc3 Bh7 12. O-O-O f5 13. Qf2 fxe4 14. dxe4 Qg5+ 15. Bd2 Qg6 16. Bd3 Qf7 17. Qd4 dxe4 18. Bc4 Re6 19. Qd8+ 1-0

[Event "26th Klatovy B 2018"]
[Site "Klatovy CZE"]
[Date "2018.07.07"]
[Round "8.47"]
[White "Matejka, Jaromir"]
[Black "Jelinek, Frantisek"]
[Result "1-0"]
[WhiteElo "1570"]
[BlackElo "1039"]
[PlyCount "37"]
[EventDate "2018.06.30"]
[EventType "swiss"]
[EventRounds "9"]
[EventCountry "CZE"]

1. e4 c5 2. Nf3 d6 3. d4 cxd4 4. Nxd4 Nc6 5. c3 Nf6 6. Bd3 g6 7. Be3 Bg7 8. O-O O-O 9. h3 Bd7 10. Nd2 d5 11. Nxc6 Bxc6 12. e5 Ne4 13. Bd4 Nxd2 14. Qxd2 Qc7 15. f4 e6 16. Qc2 Rac8 17. h4 Qe7 18. Qf2 f6 19. Bc5 1-0

[Event "26th Klatovy B 2018"]
[Site "Klatovy CZE"]
[Date "2018.07.07"]
[Round "8.48"]
[White "Stanke, Petr"]
[Black "Kudrna, Miroslav"]
[Result "1/2-1/2"]
[WhiteElo "1378"]
[BlackElo "1539"]
[PlyCount "46"]
[EventDate "2018.06.30"]
[EventType "swiss"]
[EventRounds "9"]
[EventCountry "CZE"]

1. e4 e6 2. d4 d5 3. e5 c5 4. c3 Nc6 5. Nf3 Qb6 6. Be2 cxd4 7. cxd4 Bb4+ 8. Kf1 Bd7 9. Be3 Rc8 10. g3 Na5 11. Kg2 Bb5 12. Nbd2 Bxe2 13. Qxe2 Ne7 14. Rab1 O-O 15. a3 Bxd2 16. Bxd2 Nb3 17. Bb4 Rfe8 18. Qd3 Na5 19. Bc5 Qc7 20. Rbc1 b6 21. Bxe7 Qxe7 22. Rc3 Rc7 23. Rhc1 Rec8 1/2-1/2

[Event "26th Klatovy B 2018"]
[Site "Klatovy CZE"]
[Date "2018.07.07"]
[Round "8.49"]
[White "Novy, Jan"]
[Black "Fiala, Jonas"]
[Result "0-1"]
[WhiteElo "1516"]
[BlackElo "1000"]
[PlyCount "32"]
[EventDate "2018.06.30"]
[EventType "swiss"]
[EventRounds "9"]
[EventCountry "CZE"]

1. e4 e5 2. Bc4 Nf6 3. d4 exd4 4. Nf3 Bc5 5. O-O O-O 6. Nxd4 Nxe4 7. Be3 d5 8. Bd3 Qf6 9. c3 Bd6 10. Nd2 Re8 11. N4f3 Qg6 12. Kh1 Qh5 13. Be2 Bg4 14. Rg1 Nxd2 15. h3 Bxh3 16. Qxd2 Bg4+ 0-1

[Event "26th Klatovy B 2018"]
[Site "Klatovy CZE"]
[Date "2018.07.07"]
[Round "8.50"]
[White "Valdman, Jakub"]
[Black "Levinsky, Ladislav"]
[Result "1-0"]
[WhiteElo "1066"]
[BlackElo "1515"]
[PlyCount "53"]
[EventDate "2018.06.30"]
[EventType "swiss"]
[EventRounds "9"]
[EventCountry "CZE"]

1. e4 c5 2. Nf3 Nc6 3. d4 cxd4 4. Nxd4 g6 5. Nc3 Bg7 6. Be3 e6 7. Qd2 Nge7 8. O-O-O a6 9. f3 O-O 10. h4 h5 11. g4 f5 12. gxh5 fxe4 13. hxg6 Nxd4 14. Bxd4 Rxf3 15. Bxg7 Kxg7 16. Qd4+ Rf6 17. Nxe4 Nc6 18. Qc3 e5 19. Nxf6 Qxf6 20. h5 d6 21. h6+ Kxg6 22. Bd3+ Bf5 23. Bxf5+ Qxf5 24. Qg3+ Qg5+ 25. Qxg5+ Kxg5 26. Rdg1+ Kf6 27. h7 1-0

[Event "26th Klatovy B 2018"]
[Site "Klatovy CZE"]
[Date "2018.07.07"]
[Round "8.51"]
[White "Lhotsky, Zdenek 1966"]
[Black "Stross, Frantisek 1952"]
[Result "0-1"]
[WhiteElo "1305"]
[BlackElo "1506"]
[PlyCount "54"]
[EventDate "2018.06.30"]
[EventType "swiss"]
[EventRounds "9"]
[EventCountry "CZE"]

1. e4 e5 2. Nf3 Nc6 3. Bb5 Bc5 4. O-O d6 5. Nc3 Bg4 6. Ne2 Bxf3 7. gxf3 Nf6 8. Ng3 O-O 9. d3 h6 10. f4 Nd4 11. Bc4 b5 12. Bb3 a5 13. c3 Nxb3 14. axb3 Qc8 15. f5 d5 16. d4 exd4 17. cxd4 Bb6 18. e5 Ne4 19. Qg4 Nxg3 20. fxg3 Kh7 21. Qh4 Qe8 22. f6 Qxe5 23. fxg7 Bxd4+ 24. Kg2 Qe2+ 25. Kh3 Qxf1+ 26. Kg4 Qe2+ 27. Kh3 Bxg7 0-1

[Event "26th Klatovy B 2018"]
[Site "Klatovy CZE"]
[Date "2018.07.07"]
[Round "8.52"]
[White "Soucek, Petr"]
[Black "Gorej, Vojtech"]
[Result "1-0"]
[WhiteElo "1485"]
[BlackElo "1633"]
[PlyCount "63"]
[EventDate "2018.06.30"]
[EventType "swiss"]
[EventRounds "9"]
[EventCountry "CZE"]

1. d4 d5 2. c4 dxc4 3. Qa4+ Bd7 4. Qxc4 Nf6 5. Nf3 e6 6. g3 Nc6 7. Bg2 Bd6 8. O-O O-O 9. Re1 Bb4 10. Bd2 Bxd2 11. Nbxd2 Re8 12. e4 Ne7 13. Rac1 Rc8 14. b4 b5 15. Qc3 Ng6 16. Nb3 c6 17. Nc5 Qc7 18. Ne5 Ne7 19. Rcd1 Rcd8 20. Rd2 Bc8 21. Red1 Rd6 22. Qc2 Rdd8 23. a3 Nd7 24. Nexd7 Bxd7 25. Qc3 Nc8 26. Bf1 Nd6 27. e5 Nc8 28. Ne4 Nb6 29. Nd6 Re7 30. Rc1 a6 31. Rdd1 Nd5 32. Qc5 1-0

[Event "26th Klatovy B 2018"]
[Site "Klatovy CZE"]
[Date "2018.07.07"]
[Round "8.53"]
[White "Bastyr, Pavel"]
[Black "Berkovec, Josef"]
[Result "1-0"]
[WhiteElo "1469"]
[BlackElo "1000"]
[PlyCount "55"]
[EventDate "2018.06.30"]
[EventType "swiss"]
[EventRounds "9"]
[EventCountry "CZE"]

1. d4 d5 2. c4 Nc6 3. cxd5 Qxd5 4. Nf3 e5 5. Nc3 Bb4 6. Nxe5 Nxe5 7. dxe5 Qxe5 8. Qa4+ Bd7 9. Qxb4 O-O-O 10. Bf4 Qf5 11. Qc4 Bc6 12. e3 Ne7 13. Be2 Rhe8 14. O-O Rd7 15. Bg3 h5 16. e4 Qg6 17. Bf3 Red8 18. Rad1 b6 19. Rxd7 Rxd7 20. Bh4 f6 21. Qe2 Kb8 22. Bxh5 Qh6 23. Bg3 Rd2 24. Qe3 Qxe3 25. fxe3 Rxb2 26. Rf2 Rb4 27. Bf3 Rc4 28. Nd5 1-0

[Event "26th Klatovy B 2018"]
[Site "Klatovy CZE"]
[Date "2018.07.07"]
[Round "8.54"]
[White "Zimmermann, Ladislav"]
[Black "Roskovec, Bedrich"]
[Result "0-1"]
[WhiteElo "1300"]
[BlackElo "1641"]
[PlyCount "126"]
[EventDate "2018.06.30"]
[EventType "swiss"]
[EventRounds "9"]
[EventCountry "CZE"]

1. e4 e6 2. Nc3 d5 3. d4 Nf6 4. Bg5 Be7 5. e5 Nfd7 6. Bxe7 Qxe7 7. Nf3 a6 8. Bd3 c5 9. b3 cxd4 10. Nxd4 Qb4 11. Nde2 Nxe5 12. a3 Qe7 13. Qd2 Nbc6 14. f4 Nd7 15. O-O O-O 16. Nd1 Nf6 17. Nf2 Bd7 18. b4 Na7 19. Nd4 Rac8 20. Rac1 Rfd8 21. Rfe1 Qd6 22. c3 Qb6 23. Nb3 Bb5 24. Nc5 Bxd3 25. Qxd3 Nb5 26. a4 Nd6 27. a5 Qc6 28. h3 Nd7 29. Nb3 Nc4 30. Nd4 Qd6 31. g3 Re8 32. Kg2 Nf6 33. Qe2 Rc7 34. Ng4 Ne4 35. Qd3 Rec8 36. Ne3 Nxe3+ 37. Rxe3 Rxc3 38. Rxc3 Rxc3 39. Qe2 Rxe3 40. Qxe3 Qxb4 41. Kf3 Qc3 42. Nc2 Qxe3+ 43. Nxe3 Kf8 44. g4 Ke7 45. h4 Kd6 46. g5 f6 47. Kg2 Kc6 48. Kh3 Kd7 49. Kg4 Kd6 50. Kf3 fxg5 51. fxg5 Ke5 52. Ng4+ Kf5 53. Ne3+ Kg6 54. Kg4 h6 55. h5+ Kf7 56. g6+ Kf6 57. Kf4 Nc5 58. Ng4+ Ke7 59. Ne5 Nb3 60. Nd3 Nxa5 61. Ke5 Nc4+ 62. Kd4 a5 63. Nc5 b6 0-1

[Event "26th Klatovy B 2018"]
[Site "Klatovy CZE"]
[Date "2018.07.07"]
[Round "8.55"]
[White "Vavrinkova, Jitka"]
[Black "Krejbich, Lukas"]
[Result "1/2-1/2"]
[WhiteElo "1637"]
[BlackElo "1299"]
[PlyCount "36"]
[EventDate "2018.06.30"]
[EventType "swiss"]
[EventRounds "9"]
[EventCountry "CZE"]

1. e4 e5 2. Nf3 Nc6 3. Bb5 Bc5 4. c3 Nf6 5. O-O O-O 6. d3 d5 7. Bxc6 bxc6 8. Nxe5 Qe8 9. d4 Bd6 10. exd5 cxd5 11. Re1 Qe6 12. Ng6 Qg4 13. Qxg4 Nxg4 14. Nxf8 Bxh2+ 15. Kf1 Ba6+ 16. Re2 Re8 17. Be3 Bxe2+ 18. Kxe2 Nxe3 1/2-1/2

[Event "26th Klatovy B 2018"]
[Site "Klatovy CZE"]
[Date "2018.07.07"]
[Round "8.56"]
[White "Safarcik, Miroslav"]
[Black "Vojir, Vaclav 2005"]
[Result "1-0"]
[WhiteElo "1505"]
[BlackElo "1225"]
[PlyCount "73"]
[EventDate "2018.06.30"]
[EventType "swiss"]
[EventRounds "9"]
[EventCountry "CZE"]

1. d4 Nf6 2. Bg5 e6 3. e4 Be7 4. Bxf6 Bxf6 5. e5 Be7 6. Nf3 d6 7. Bb5+ Bd7 8. Qd3 Nc6 9. exd6 cxd6 10. O-O d5 11. Nbd2 a6 12. Bxc6 Bxc6 13. Ne5 Qc7 14. Rac1 O-O 15. Nxc6 Qxc6 16. Nf3 h6 17. c4 Rac8 18. c5 Bf6 19. b4 Rc7 20. h3 Rfc8 21. Rfe1 Qa4 22. a3 b6 23. Rc2 Rc6 24. Ne5 Bxe5 25. Rxe5 a5 26. b5 R6c7 27. c6 Kf8 28. Rce2 g6 29. R2e3 Ke7 30. Rxd5 Kf8 31. Rde5 Rd8 32. R3e4 f5 33. Qf3 Rxd4 34. Rxd4 Qxd4 35. Rxe6 Kf7 36. Qb3 Qc5 37. Re5+ 1-0

[Event "26th Klatovy B 2018"]
[Site "Klatovy CZE"]
[Date "2018.07.07"]
[Round "8.57"]
[White "Skutil, Frantisek Elias"]
[Black "Jedlicka, Pavel"]
[Result "0-1"]
[WhiteElo "1100"]
[BlackElo "1485"]
[PlyCount "71"]
[EventDate "2018.06.30"]
[EventType "swiss"]
[EventRounds "9"]
[EventCountry "CZE"]

1. e4 c6 2. Nf3 d6 3. d4 Bg4 4. Be2 Nd7 5. Nc3 Ngf6 6. Bd2 Qb6 7. b3 Bxf3 8. Bxf3 Qxd4 9. O-O Ne5 10. Be1 Nxf3+ 11. Qxf3 O-O-O 12. Rd1 Qe5 13. Bd2 g5 14. h3 h5 15. g3 Bh6 16. Rfe1 g4 17. hxg4 Bxd2 18. Rxd2 hxg4 19. Qe3 Qh5 20. Kf1 Qa5 21. a4 Nd7 22. Rd3 Ne5 23. Rdd1 Nf3 24. Re2 Rh1+ 25. Kg2 Rh2+ 26. Kf1 Rdh8 27. Ree1 Nxe1 28. Rxe1 Rh1+ 29. Ke2 Rxe1+ 30. Kxe1 Rh1+ 31. Kd2 f6 32. Qf4 Qh5 33. Qe3 b6 34. Qd3 Qc5 35. Qa6+ Kb8 36. f4 0-1

[Event "26th Klatovy B 2018"]
[Site "Klatovy CZE"]
[Date "2018.07.07"]
[Round "8.58"]
[White "Souralova, Venuse"]
[Black "Devera, Filip"]
[Result "1/2-1/2"]
[WhiteElo "1453"]
[BlackElo "1209"]
[PlyCount "40"]
[EventDate "2018.06.30"]
[EventType "swiss"]
[EventRounds "9"]
[EventCountry "CZE"]

1. c4 e5 2. Nc3 Nc6 3. g3 g6 4. Bg2 Bg7 5. Nf3 d6 6. O-O Be6 7. d3 h6 8. Bd2 f5 9. Rb1 Nf6 10. b4 O-O 11. Qa4 Qd7 12. Nh4 g5 13. Bxc6 bxc6 14. Nf3 f4 15. c5 Bh3 16. Rfd1 Bg4 17. Qb3+ Be6 18. Qc2 Nd5 19. Ne4 Rab8 20. a3 Nf6 1/2-1/2

[Event "26th Klatovy B 2018"]
[Site "Klatovy CZE"]
[Date "2018.07.07"]
[Round "8.59"]
[White "Kadlec, Rudolf"]
[Black "Sykora, Vaclav"]
[Result "1/2-1/2"]
[WhiteElo "1420"]
[BlackElo "1529"]
[PlyCount "49"]
[EventDate "2018.06.30"]
[EventType "swiss"]
[EventRounds "9"]
[EventCountry "CZE"]

1. e4 d5 2. exd5 Qxd5 3. Nc3 Qd8 4. d4 c6 5. h3 Nf6 6. Nf3 Bf5 7. Bd3 Bxd3 8. Qxd3 e6 9. a3 Be7 10. Be3 Nbd7 11. O-O-O Qc7 12. g4 O-O-O 13. Ne4 h6 14. Nxf6 Bxf6 15. Qb3 a6 16. Bd2 Be7 17. Be3 Qb6 18. Qc3 Qc7 19. Nd2 Nf6 20. Qb3 Nd5 21. Nc4 Nxe3 22. Nb6+ Kb8 23. fxe3 Ka7 24. Nc4 Bf6 25. Rhg1 1/2-1/2

[Event "26th Klatovy B 2018"]
[Site "Klatovy CZE"]
[Date "2018.07.07"]
[Round "8.60"]
[White "Garabik, Marek"]
[Black "Merinsky, Stanislav"]
[Result "1-0"]
[WhiteElo "1399"]
[BlackElo "1000"]
[PlyCount "127"]
[EventDate "2018.06.30"]
[EventType "swiss"]
[EventRounds "9"]
[EventCountry "CZE"]

1. e4 Nc6 2. Bc4 e6 3. Nc3 Bc5 4. Nf3 Nf6 5. d3 h6 6. Be3 b6 7. O-O Ng4 8. Bxc5 bxc5 9. Re1 Qf6 10. Nb5 O-O 11. c3 Bb7 12. Nxc7 Rab8 13. d4 Na5 14. Ba6 Bxa6 15. Nxa6 Rxb2 16. Nxc5 Rd8 17. Qc1 Nc4 18. Rf1 h5 19. Na4 Rb5 20. e5 Qe7 21. Qg5 Re8 22. Qxe7 Rxe7 23. h3 Nh6 24. Rab1 Ra5 25. Ng5 Re8 26. Rb4 Na3 27. Rc1 d5 28. Nc5 Rb5 29. Rxb5 Nxb5 30. c4 Nxd4 31. Kf1 f6 32. exf6 gxf6 33. Nf3 Ndf5 34. cxd5 exd5 35. Rd1 Ne7 36. Nd7 Kf7 37. Nd4 Rc8 38. Ke2 f5 39. Ne5+ Kf6 40. Nd3 Nc6 41. Nxc6 Rxc6 42. Nb4 Re6+ 43. Kf3 Kf7 44. Rxd5 Re4 45. Nc6 Ra4 46. Ra5 Rxa5 47. Nxa5 a6 48. Nc6 Kf6 49. a4 Kg5 50. a5 Nf7 51. Nb4 Ne5+ 52. Kg3 Nc4 53. Nxa6 Nxa5 54. Nc5 f4+ 55. Kf3 Kf5 56. g4+ hxg4+ 57. hxg4+ Ke5 58. Nd3+ Kd4 59. Nxf4 Nc6 60. Kg3 Ke5 61. Nh3 Kf6 62. Nf4 Kg5 63. Nd5 Ne5 64. f4+ 1-0

[Event "26th Klatovy B 2018"]
[Site "Klatovy CZE"]
[Date "2018.07.07"]
[Round "8.61"]
[White "Skopkova, Marcela"]
[Black "Stanke, Vilem"]
[Result "1-0"]
[WhiteElo "1245"]
[BlackElo "1366"]
[PlyCount "109"]
[EventDate "2018.06.30"]
[EventType "swiss"]
[EventRounds "9"]
[EventCountry "CZE"]

1. c4 Nf6 2. Nf3 d6 3. Nc3 g6 4. b4 Bg7 5. Bb2 Be6 6. d3 a6 7. h3 O-O 8. e4 c5 9. a3 Nc6 10. b5 axb5 11. Nxb5 Na7 12. a4 Nxb5 13. axb5 Rxa1 14. Qxa1 Qa8 15. Be2 Qxa1+ 16. Bxa1 Nh5 17. Bxg7 Kxg7 18. O-O Ra8 19. Ng5 Bd7 20. Bxh5 gxh5 21. f4 Ra3 22. Rd1 Kg6 23. Kf2 f5 24. Nf3 fxe4 25. dxe4 Be6 26. f5+ Kf6 27. fxe6 Ra4 28. Rc1 Kxe6 29. Kg3 Kf6 30. Kh4 Ra2 31. g3 Rf2 32. Rc3 Kg6 33. e5 Re2 34. exd6 exd6 35. Rd3 Re6 36. g4 hxg4 37. hxg4 b6 38. Rd5 h6 39. Rd1 Rf6 40. Kg3 h5 41. Nh4+ Kg5 42. Rd5+ Kh6 43. Nf5+ Kg6 44. gxh5+ Kxh5 45. Nxd6+ Kg6 46. Nc8 Re6 47. Kf4 Kf6 48. Rd6 Rxd6 49. Nxd6 Ke6 50. Ne4 Kd7 51. Ke5 Kc7 52. Kd5 Kb7 53. Kd6 Kb8 54. Kc6 Ka7 55. Nf6 1-0

[Event "26th Klatovy B 2018"]
[Site "Klatovy CZE"]
[Date "2018.07.07"]
[Round "8.62"]
[White "Skalicky, Jindrich"]
[Black "Vesely, Jan"]
[Result "1/2-1/2"]
[WhiteElo "1225"]
[BlackElo "1112"]
[PlyCount "39"]
[EventDate "2018.06.30"]
[EventType "swiss"]
[EventRounds "9"]
[EventCountry "CZE"]

1. e4 e5 2. Nf3 Nc6 3. Bb5 d6 4. d4 Bd7 5. O-O a6 6. Bxc6 Bxc6 7. d5 Bd7 8. Nbd2 Nf6 9. Re1 Bg4 10. h3 Bh5 11. g4 Bg6 12. b3 Be7 13. g5 Nd7 14. Nf1 Nc5 15. Ng3 Qc8 16. Kg2 O-O 17. Bd2 Qd8 18. Rc1 a5 19. a4 Re8 20. Re2 1/2-1/2

[Event "26th Klatovy B 2018"]
[Site "Klatovy CZE"]
[Date "2018.07.07"]
[Round "8.63"]
[White "Bukvaj, Martin"]
[Black "Cervenka, Jakub"]
[Result "0-1"]
[WhiteElo "1123"]
[BlackElo "1300"]
[PlyCount "54"]
[EventDate "2018.06.30"]
[EventType "swiss"]
[EventRounds "9"]
[EventCountry "CZE"]

1. e4 c5 2. Nf3 Nc6 3. b3 d6 4. Bb2 Nf6 5. d3 e6 6. Nc3 g6 7. g3 Bg7 8. Bg2 O-O 9. O-O Bd7 10. Nd2 Ne7 11. Re1 d5 12. f4 d4 13. Ne2 Ng4 14. Nf1 e5 15. h3 Nh6 16. g4 f5 17. Nh2 fxg4 18. hxg4 Nxg4 19. Nxg4 Bxg4 20. Rf1 exf4 21. Bf3 Qd7 22. Bxg4 Qxg4+ 23. Kf2 f3 24. Ng1 Qg2+ 25. Ke1 f2+ 26. Ke2 fxg1=Q+ 27. Ke1 Q1xf1# 0-1

[Event "26th Klatovy B 2018"]
[Site "Klatovy CZE"]
[Date "2018.07.07"]
[Round "8.64"]
[White "Roubal, Matyas"]
[Black "Veverkova, Dorota"]
[Result "0-1"]
[WhiteElo "1100"]
[BlackElo "1277"]
[PlyCount "74"]
[EventDate "2018.06.30"]
[EventType "swiss"]
[EventRounds "9"]
[EventCountry "CZE"]

1. e4 c5 2. Nf3 d6 3. Nc3 Nf6 4. Bb5+ Bd7 5. Bxd7+ Nbxd7 6. d3 g6 7. Bd2 Bg7 8. Qe2 O-O 9. O-O Rc8 10. Rae1 Nb6 11. e5 dxe5 12. Qxe5 Nfd5 13. Qe2 e6 14. h3 Re8 15. Qe4 Qd7 16. Qh4 Nb4 17. Rc1 N6d5 18. Nxd5 Qxd5 19. Bxb4 cxb4 20. c4 bxc3 21. bxc3 Qxd3 22. Rfd1 Qa6 23. Qb4 Qxa2 24. Qxb7 Bxc3 25. Nd2 Rb8 26. Qd7 Red8 27. Qc7 Bxd2 28. Rc2 Qa5 29. Rdxd2 Qxc7 30. Rxc7 Rxd2 31. Rxa7 Rb1+ 32. Kh2 Rxf2 33. Ra8+ Kg7 34. Ra3 h5 35. Kg3 Rbb2 36. Ra1 Rxg2+ 37. Kh4 Rb4# 0-1

[Event "26th Klatovy B 2018"]
[Site "Klatovy CZE"]
[Date "2018.07.07"]
[Round "8.65"]
[White "Cinkova, Lenka"]
[Black "Martinek, Lukas"]
[Result "0-1"]
[WhiteElo "1000"]
[BlackElo "1215"]
[PlyCount "120"]
[EventDate "2018.06.30"]
[EventType "swiss"]
[EventRounds "9"]
[EventCountry "CZE"]

1. d4 Nf6 2. c4 g6 3. Nc3 Bg7 4. e4 O-O 5. f3 d6 6. Be3 e5 7. d5 Ne8 8. Qd2 f5 9. O-O-O f4 10. Bf2 a6 11. g3 Bd7 12. Nge2 fxg3 13. Nxg3 Rxf3 14. Bg2 Rf7 15. Be3 b5 16. h4 Nf6 17. h5 Nxh5 18. Nxh5 gxh5 19. Bh3 bxc4 20. Rdg1 Bxh3 21. Rxh3 Qf8 22. Rhg3 Rf1+ 23. Nd1 Rxg1 24. Rxg1 Kh8 25. Qh2 Qf7 26. Rg5 h4 27. Rf5 Qg6 28. Qxh4 Nd7 29. Qe7 Qe8 30. Qe6 Qxe6 31. dxe6 Nf8 32. e7 Ng6 33. Bg5 Re8 34. Ne3 h6 35. Rf6 hxg5 36. Rxg6 Rxe7 37. Nf5 Rf7 38. Rxg5 Kh7 39. Kc2 Bf6 40. Rg2 Bd8 41. Kc3 d5 42. exd5 Rxf5 43. Kxc4 Be7 44. a3 Rg5 45. Re2 Rg4+ 46. Kd3 Bd6 47. Rc2 Kg6 48. Rc6 Rg2 49. Kc3 Rg3+ 50. Kc4 Kf5 51. Rxa6 e4 52. Ra8 Be5 53. Rf8+ Kg4 54. b4 Rxa3 55. b5 e3 56. Re8 Bf4 57. Re6 Kf3 58. Kc5 e2 59. b6 cxb6+ 60. Kxb6 Be3+ 0-1

[Event "26th Klatovy B 2018"]
[Site "Klatovy CZE"]
[Date "2018.07.07"]
[Round "8.66"]
[White "Souralova, Jana"]
[Black "Cinkova, Vicky"]
[Result "0-1"]
[WhiteElo "1100"]
[BlackElo "1133"]
[PlyCount "54"]
[EventDate "2018.06.30"]
[EventType "swiss"]
[EventRounds "9"]
[EventCountry "CZE"]

1. e4 c5 2. Nf3 g6 3. d4 cxd4 4. Nxd4 Bg7 5. Nc3 Nc6 6. Be3 Nf6 7. Be2 O-O 8. O-O d5 9. Nxd5 Nxe4 10. c4 e6 11. Nc3 Nf6 12. Qd2 Bd7 13. Rad1 Rc8 14. Bh6 Nxd4 15. Bxg7 Nxe2+ 16. Qxe2 Kxg7 17. Nb5 Qb6 18. b3 Bxb5 19. cxb5 Nd5 20. Qb2+ Kg8 21. a4 Rfd8 22. Rd4 Nc3 23. Rxd8+ Qxd8 24. Rc1 Ne2+ 25. Qxe2 Rxc1+ 26. Qf1 Rxf1+ 27. Kxf1 Qd1# 0-1

[Event "26th Klatovy B 2018"]
[Site "Klatovy CZE"]
[Date "2018.07.07"]
[Round "8.68"]
[White "Berkovec, Jakub"]
[Black "Nova, Michaela 1970"]
[Result "1-0"]
[WhiteElo "1000"]
[BlackElo "1000"]
[PlyCount "73"]
[EventDate "2018.06.30"]
[EventType "swiss"]
[EventRounds "9"]
[EventCountry "CZE"]

1. e4 d5 2. exd5 Nf6 3. Nc3 Nxd5 4. Nxd5 Qxd5 5. Nf3 Bf5 6. d3 Nc6 7. Be2 O-O-O 8. Be3 e6 9. O-O Bd6 10. Ng5 Rdf8 11. Bf3 Qe5 12. g3 f6 13. Ne4 g5 14. Nxd6+ cxd6 15. d4 Qb5 16. d5 Ne7 17. Qe2 Qxb2 18. Qc4+ Kd7 19. Rab1 b5 20. Qxb5+ Qxb5 21. Rxb5 Bd3 22. cxd3 h5 23. Rb7+ Ke8 24. Rxa7 h4 25. Ra8+ Kf7 26. Rxf8+ Kxf8 27. Ra1 Nf5 28. Kg2 hxg3 29. fxg3 Nxe3+ 30. Kf2 Nf5 31. a4 Rxh2+ 32. Bg2 Ne7 33. a5 f5 34. a6 f4 35. a7 fxg3+ 36. Kxg3 Nf5+ 37. Kxh2 1-0